Cevahir çıkını (Record no. 1207)

MARC details
000 -BAŞLIK
Sabit Uzunlukta Kontrol Alanı 00560na a2200217 4500
001 - KONTROL NUMARASI
Denetim Alanı 14174
003 - KONTROL NUMARASI IDENTIFIER
Denetim Alanı MIRAKIL
005 - SON İŞLEM TARİHİ VE ZAMANI
Denetim Alanı 20181213154815.0
008 - SABİT-BOY VERİ ELEMANLARI - GENEL BİLGİLER
Sabit Uzunlukta Kontrol Alanı 161031b tu 000 0
020 ## - ULUSLARARASI STANDART KİTAP NUMARASI
Uluslararası Standart Kitap Numarası 9759604019
040 ## - KATALOGLAMA KAYNAK
Orijinal Kataloglama Ajansı Milas
Kataloglama Dili tur
Metne Dönüştürmek Ajansı TR-AnCHP
041 ## - DİL KODU
Metin / Ses Parça Veya Ayrı Başlığın Dil Kodu tur
082 ## - DEWEY ONLU SINIFLANDIRMA NUMARASI
Sınıflandırma Numarası 915.6675
Ürün Numarası G76c 2009
090 ## - SINIFLAMA NUMARASI
Sınıflama Numarası 915.6675 G76c 2009
100 ## - ANA GİRİŞ - KİŞİSEL İSİM
Kişisel Ad Göral, M. Kadri
245 ## - BAŞLIK TABLOSU
Başlık Cevahir çıkını
Sorumluluk Tablosu, Vb M. Kadri Göral
260 ## - YAYIN, DAĞITIM, VB
Yayın, Dağıtım, Vb Yeri Ankara
Yayıncı, Dağıtıcı, Vs Adı [yayl. y.]
Yayın, Dağıtım, Vb Tarihi 2009
300 ## - FİZİKSEL TANIM
Kapsam 259 s.
Boyutlar 23 sm.
651 ## - KONU KATMA GİRİŞ - COĞRAFİ ADI
Coğrafi İsim Diyarbakır
Genel Alt Bölümü Tanıtım kitapları
942 ## - EKLENDİ GİRİŞ ELEMANLARI (KOHA)
Sınıflandırma Veya Raf Düzeni Kaynak Dewey Decimal Classification
Koha Öğesi Türü Books
999 ## - SİSTEM KONTROL NUMARALARI (KOHA)
Koha Biblionumber 1207
Koha Biblioitemnumber 1207
Holdings
Kalıcı Konum Mevcut Konum Edinme Tarihi Edinim Kaynak Toplam Check-Out'Lar Tam Çağrı Numarası Barkod Tarih Son Görülme İtibaren Geçerli Fiyatlar Koha Öğesi Türü
CHP Kütüphanesi CHP Kütüphanesi 08/25/2016 Bağış   915.6675 G76c 2009 002047 08/25/2016 08/25/2016 Books